Madhya Pradesh: (Record no. 211337)

MARC details
000 -LEADER
fixed length control field 00566nam a22001937a 4500
005 - DATE AND TIME OF LATEST TRANSACTION
control field 20250519141514.0
010 ## - LCCN (DPL NO)
LC control number ENG-144965
020 ## - INTERNATIONAL STANDARD BOOK NUMBER
International Standard Book Number 9788193115335
Terms of availability 750.00
035 ## - SYSTEM CONTROL NUMBER
System control number EN-128497
037 ## - SOURCE OF ACQUISITION
Source of stock number/acquisition DBAD
082 ## - DEWEY DECIMAL CLASSIFICATION NUMBER
Classification number 954.21
Edition number 1
100 ## - MAIN ENTRY--PERSONAL NAME
Personal name Ramesh Singh
245 ## - TITLE STATEMENT
Title Madhya Pradesh:
Statement of responsibility, etc Ramesh Singh
Remainder of title The Heart of Incredible India/
250 ## - EDITION STATEMENT
Edition statement 1
260 ## - PUBLICATION, DISTRIBUTION, ETC. (IMPRINT)
Place of publication, distribution, etc Mumbai
Name of publisher, distributor, etc Jyoti publication
Date of publication, distribution, etc 2018
270 ## - ADDRESS
Address 4/121, Frances Seth Chawl Society Road
City Mumbai
Postal code 400056
300 ## - PHYSICAL DESCRIPTION
Extent 256p.
Dimensions 20cm(pb)
942 ## - ADDED ENTRY ELEMENTS (KOHA)
Source of classification or shelving scheme Dewey Decimal Classification
Item type English Books
Call number suffix RAM
Classification part 954.21
Holdings
Withdrawn status Lost status Not for loan Collection code Home library Current library Date acquired Source of acquisition Cost, normal purchase price Full call number Barcode Copy number Cost, replacement price Koha item type
      Non-fiction Ashok Vihar Ashok Vihar 19/05/2025 Delivery of Books Act Division 750.00 RAM 954.21 EN-128497 1 750.00 English Books

© Delhi Public Library
Hit Counter
free hit counter